header

The English Atlantic in an age of revolution, 1640-1661 (Record no. 59801)

MARC details
000 -LEADER
fixed length control field 01789nam a2200397Ia 4500
100 1# - MAIN ENTRY--AUTHOR NAME
Personal name Pestana, Carla Gardina.
245 14 - TITLE STATEMENT
Title The English Atlantic in an age of revolution, 1640-1661
260 ## - PUBLICATION, DISTRIBUTION, ETC. (IMPRINT)
Place of publication Cambridge, Mass. ;
-- London :
Name of publisher Harvard University Press,
Year of publication 2007.
300 ## - PHYSICAL DESCRIPTION
Number of Pages xi, 342 p. :
Other physical details ill., maps.
500 ## - GENERAL NOTE
General note Includes index.
General note Originally published: 2004.
650 #0 - SUBJECT ADDED ENTRY--TOPICAL TERM
Topical Term Plantation life
Topical Term Plantation life
Topical Term British
856 40 - ELECTRONIC LOCATION AND ACCESS
Uniform Resource Identifier http://site.ebrary.com/lib/rucke/Doc?id=10318483

No items available.

© 2026 Rongo University
Contact us: librarian | system librarian | Rongo university